Disney Parks - Statistics

General Stats
  • This quiz has been taken 98 times
  • The average score is 10 of 14
Answer Stats
Year Opened Answer % Correct
1971 The Magic Kingdom
95%
1955 Disneyland
94%
1992 Disneyland Paris
93%
1982 Epcot
92%
1998 Animal Kingdom
89%
1989 Hollywood Studios
86%
1983 Tokyo Disneyland
81%
2005 Hong Kong Disneyland
78%
2016 Shanghai Disneyland
78%
2001 Disney California Adventure
72%
2001 Tokyo DisneySea
60%
1995 Blizzard Beach
42%
2002 Walt Disney Studios
42%
1989 Typhoon Lagoon
40%
No matching quizzes found
Score Distribution
Percent of People with Each Score
Percentile by Number Answered
Your Score History
You have not taken this quiz